Normal view
MARC view
- Cartilla tzeltal
Entry Materia
001 - NÚMERO DE CONTROL DEL REGISTRO
- campo de control: 8387
003 - IDENTIFICADOR DE NUMERO DE CONTROL
- campo de control: MX-MxUPN
005 - FECHA Y HORA DE LA ÚLTIMA TRANSACCIÓN
- campo de control: 20231006145802.0
008 - DATOS DE LONGITUD FIJA
- campo de control de longitud fija: 230123n||annnnbabn a ana |d
035 ## - NÚMERO DE CONTROL DEL SISTEMA
- Número de control del sistema: UPN10000008393
040 ## - FUENTE DE LA CATALOGACIÓN
- Centro catalogador de origen: MX-MxUPN
- Lengua de catalogación: spa
- Agencia de transcripción: MX-MxUPN
046 ## - FECHAS CON CODIFICACIÓN ESPECIAL
- Fecha final para contenidos agregados: 2023
150 ## - ENCABEZAMIENTO - TEMÁTICO
- Término de materia o nombre geográfico como elemento inicial: Cartilla tzeltal
450 ## - VÉASE - MATERIA
- Encabezamiento temático: Cartilla tseltal
670 ## - FUENTE EN LA QUE SE LOCALIZARON DATOS
- Cita de la fuente: T/P
- Información localizada: Cuaderno de trabajo tzeltal
902 ## - CATALOGADOR
- Catalogador: LG/200197
